[Event "WchT Blitz Pool D"]
[Site "London"]
[Date "2025.06.14"]
[Round "1.6"]
[White "Jain, Gautam"]
[Black "Marton John, Almos Kiran"]
[Result "0-1"]
[WhiteElo "1979"]
[BlackElo "1987"]
[PlyCount "100"]
[EventDate "2025.06.14"]
[EventType "team-tourn"]
[EventRounds "13"]
[EventCountry "ENG"]
[SourceTitle "CB25_2025"]
[SourceDate "2025.06.18"]
[SourceVersion "1"]
[SourceVersionDate "2025.06.18"]
[SourceQuality "1"]
[WhiteTeam "English Knightmares"]
[BlackTeam "Team Hungary"]
[WhiteTeamCountry "ENG"]
[BlackTeamCountry "HUN"]

1. e4 e5 2. Nf3 Nc6 3. Bb5 a6 4. Ba4 Nf6 5. d3 d6 6. h3 g6 7. 0-0 Bg7 8. c3 0-0 9. Be3 h6 10. Nbd2 Nd7 11. d4 f5 12. dxe5 f4 13. Bxc6 bxc6 14. e6 Ne5 15. Bd4 Bxe6 16. Nb3 g5 17. Nxe5 dxe5 18. Bc5 Re8 19. Qxd8 Raxd8 20. Rad1 Kf7 21. f3 h5 22. Kf2 g4 23. hxg4 hxg4 24. Ke2 Bc4+ 25. Kf2 g3+ 26. Kg1 Bxf1 27. Rxf1 Rd3 28. Rc1 Red8 29. Kf1 Rd1+ 30. Rxd1 Rxd1+ 31. Ke2 Rb1 32. Ba3 Rg1 33. Nc5 Rxg2+ 34. Ke1 Rf2 35. Nxa6 Rxf3 36. Nxc7 g2 37. Bc5 Rf1+ 38. Ke2 g1Q 39. Bxg1 Rxg1 40. b4 Rg2+ 41. Kf3 Rxa2 42. c4 Ra3+ 43. Kf2 Ra4 44. b5 cxb5 45. Nxb5 Ke6 46. c5 Rxe4 47. c6 Rc4 48. c7 Kd7 49. Kf3 Rxc7 50. Nxc7 Kxc7 0-1

[Event "WchT Blitz Pool D"]
[Site "London"]
[Date "2025.06.14"]
[Round "12.6"]
[White "Nurakyn, Suleiman"]
[Black "Marton John, Almos Kiran"]
[Result "0-1"]
[WhiteElo "1773"]
[BlackElo "1987"]
[PlyCount "146"]
[EventDate "2025.06.14"]
[EventType "team-tourn"]
[EventRounds "13"]
[EventCountry "ENG"]
[SourceTitle "CB25_2025"]
[SourceDate "2025.06.18"]
[SourceVersion "1"]
[SourceVersionDate "2025.06.18"]
[SourceQuality "1"]
[WhiteTeam "Barys.kz"]
[BlackTeam "Team Hungary"]
[WhiteTeamCountry "KAZ"]
[BlackTeamCountry "HUN"]

1. d4 d5 2. c4 dxc4 3. e3 Nf6 4. Nf3 e6 5. Bxc4 a6 6. a4 Bb4+ 7. Nc3 c5 8. 0-0 0-0 9. Qc2 Nc6 10. Rd1 Qc7 11. d5 Bxc3 12. Qxc3 exd5 13. Bxd5 Nxd5 14. Rxd5 b6 15. b3 Be6 16. Bb2 f6 17. Rd2 Rad8 18. Rad1 Rxd2 19. Rxd2 Rd8 20. h3 Rxd2 21. Nxd2 Qd6 22. Ba3 a5 23. Nc4 Qd8 24. Kh2 Ne7 25. e4 Nc6 26. Bb2 Nd4 27. Qd3 Bxc4 28. Qxc4+ Kf8 29. Ba3 Qd6+ 30. g3 Nc6 31. Qa6 Nd4 32. Qc8+ Kf7 33. Qb7+ Kg8 34. Qc8+ Kf7 35. Qa6 Nxb3 36. Qc4+ Qe6 37. Qa6 Nd4 38. Qb7+ Kg6 39. Kg2 Qc6 40. Qe7 Qe6 41. Qb7 Qb3 42. Bc1 Qxa4 43. Be3 Qc6 44. Qe7 Qe6 45. Qb7 Nc2 46. Bf4 Nb4 47. h4 h5 48. Qb8 a4 49. Qb7 a3 50. e5 fxe5 51. Qe4+ Qf5 52. Qxe5 Qxe5 53. Bxe5 a2 54. Kf3 Nc2 55. Ke4 a1Q 56. Bxa1 Nxa1 57. Kd5 Nc2 58. Kc6 c4 59. Kxb6 Ne1 60. Kc5 c3 61. Kc4 c2 62. Kd4 c1Q 63. f4 Qd2+ 64. Ke4 Qd3+ 65. Ke5 Qf5+ 66. Kd4 Nf3+ 67. Ke3 Qg4 68. Kf2 Nd4 69. Kg2 Qf3+ 70. Kh2 Ne2 71. f5+ Kxf5 72. g4+ Qxg4 73. Kh1 Qg1# 0-1

[Event "WchT Rapid"]
[Site "London"]
[Date "2025.06.13"]
[Round "10.6"]
[White "Marton John, Almos Kiran"]
[Black "Rosenstein, Wadim"]
[Result "0-1"]
[WhiteElo "1909"]
[BlackElo "1704"]
[PlyCount "128"]
[EventDate "2025.06.11"]
[EventType "team-swiss"]
[EventRounds "12"]
[EventCountry "ENG"]
[SourceTitle "CB25_2025"]
[SourceDate "2025.06.18"]
[SourceVersion "1"]
[SourceVersionDate "2025.06.18"]
[SourceQuality "1"]
[WhiteTeam "Team Hungary"]
[BlackTeam "WR Chess"]
[WhiteTeamCountry "HUN"]
[BlackTeamCountry "GER"]

1. e4 c5 2. Nf3 e6 3. d4 cxd4 4. Nxd4 Nf6 5. Nc3 Nc6 6. Ndb5 Bb4 7. a3 Bxc3+ 8. Nxc3 d5 9. exd5 exd5 10. Bd3 0-0 11. 0-0 Bg4 12. f3 Bh5 13. Kh1 Qb6 14. b4 Bg6 15. Bb2 d4 16. Ne2 Bxd3 17. Qxd3 Rfd8 18. Rad1 a5 19. b5 Ne5 20. Bxd4 Qe6 21. Qe3 Nc4 22. Qxe6 fxe6 23. a4 e5 24. Bc3 Nd5 25. Rd3 Nxc3 26. Nxc3 Rxd3 27. cxd3 Nb2 28. Rf2 Nxd3 29. Rd2 Rd8 30. Kg1 Kf7 31. Nd1 Ke7 32. Ne3 g6 33. Kf1 Nc5 34. Rxd8 Kxd8 35. Nc4 Nxa4 36. Nxa5 Kc7 37. Nc4 Nc3 38. b6+ Kc6 39. Ke1 e4 40. f4 Nd5 41. g3 Nxb6 42. Na5+ Kc7 43. Ke2 Nd5 44. Nb3 Kd6 45. Nd2 Nc3+ 46. Ke3 Kd5 47. g4 b5 48. h4 b4 49. h5 gxh5 50. gxh5 Nd1+ 51. Ke2 Nb2 52. h6 Nc4 53. Nb3 Ke6 54. Kf2 Kf5 55. Kg3 Kg6 56. Nc5 e3 57. Kf3 Kxh6 58. Ke2 Kg6 59. Kd3 Kf5 60. Kxc4 Kxf4 61. Kxb4 e2 62. Nd3+ Ke3 63. Kc4 h5 64. Nb4 h4 0-1

[Event "WchT Rapid"]
[Site "London"]
[Date "2025.06.13"]
[Round "9.6"]
[White "Smolinski, Wojciech"]
[Black "Marton John, Almos Kiran"]
[Result "1-0"]
[WhiteElo "1929"]
[BlackElo "1909"]
[PlyCount "145"]
[EventDate "2025.06.11"]
[EventType "team-swiss"]
[EventRounds "12"]
[EventCountry "ENG"]
[SourceTitle "CB25_2025"]
[SourceDate "2025.06.18"]
[SourceVersion "1"]
[SourceVersionDate "2025.06.18"]
[SourceQuality "1"]
[WhiteTeam "Katowice Hetman"]
[BlackTeam "Team Hungary"]
[WhiteTeamCountry "POL"]
[BlackTeamCountry "HUN"]

1. e4 e5 2. Nf3 Nc6 3. Bc4 Bc5 4. c3 Nf6 5. d3 d6 6. Bg5 h6 7. Bh4 a5 8. Nbd2 Ba7 9. a4 Be6 10. Bb3 0-0 11. 0-0 Kh7 12. Nc4 Rg8 13. Ne3 Ne7 14. Bg3 Ng6 15. Nh4 Nxh4 16. Bxh4 g5 17. Bg3 Qe7 18. Bc2 c5 19. Qe2 Raf8 20. Rad1 Ne8 21. Rfe1 Ng7 22. Qf3 f5 23. exf5 Nxf5 24. d4 Qf6 25. dxe5 dxe5 26. Ng4 Qf7 27. Bxe5 Rg6 28. Ne3 c4 29. g4 Nxe3 30. Bxg6+ Kxg6 31. Qe4+ Nf5 32. gxf5+ Bxf5 33. Rd6+ Kh7 34. Qf3 Qe7 35. Qg3 Bd3 36. Re3 Bxe3 37. Qxe3 Re8 38. Rxd3 Qxe5 39. Rd7+ Kg6 40. Qxe5 Rxe5 41. Rxb7 Re2 42. Kg2 g4 43. Kg3 h5 44. Rb6+ Kg7 45. Rb5 Kg6 46. Rxa5 Rxb2 47. Rc5 Rd2 48. Rxc4 Rd3+ 49. Kg2 Kg5 50. a5 h4 51. Ra4 Rd1 52. h3 gxh3+ 53. Kxh3 Rd3+ 54. Kg2 Rxc3 55. a6 Rc8 56. a7 Ra8 57. Kh3 Kf5 58. Kxh4 Rh8+ 59. Kg3 Rg8+ 60. Kf3 Ra8 61. Ra5+ Ke6 62. Ke4 Kf6 63. f4 Kg6 64. Ra6+ Kg7 65. f5 Kf7 66. Kf4 Ke7 67. f6+ Kf8 68. Kg5 Kf7 69. Kf5 Kf8 70. Kg6 Kg8 71. f7+ Kf8 72. Re6 Rd8 73. Re8+ 1-0

[Event "HUN-chT2 Erkel 2223"]
[Site "Hungary"]
[Date "2022.12.04"]
[Round "2.12"]
[White "Balazs, Szabolcs"]
[Black "Marton John, Almos Kiran"]
[Result "1-0"]
[WhiteElo "1796"]
[BlackElo "1359"]
[PlyCount "71"]
[EventDate "2022.11.20"]
[EventType "team-tourn"]
[EventRounds "9"]
[EventCountry "HUN"]
[SourceTitle "EXT 2025"]
[Source "ChessBase"]
[SourceDate "2024.10.14"]
[SourceVersion "1"]
[SourceVersionDate "2024.10.14"]
[SourceQuality "1"]
[WhiteTeam "Dunaharaszti II"]
[BlackTeam "Magyar Sakkvilag"]
[WhiteTeamCountry "HUN"]
[BlackTeamCountry "HUN"]

1. d4 Nf6 2. c4 e5 3. dxe5 Ng4 4. e6 fxe6 5. e4 Ne5 6. Qh5+ Nf7 7. Nf3 g6 8. Qg4 Bg7 9. h4 Nc6 10. a3 b6 11. Nc3 Bb7 12. h5 Nce5 13. Nxe5 Nxe5 14. Qg3 a6 15. hxg6 Nxg6 16. Rxh7 Bxc3+ 17. bxc3 Rxh7 18. Qxg6+ Rf7 19. Bg5 Qc8 20. Be2 Kf8 21. Bh5 Qe8 22. e5 d6 23. Qh6+ Kg8 24. Bf6 Rxf6 25. exf6 Qd7 26. f7+ Qxf7 27. Bxf7+ Kxf7 28. Qh7+ Kf6 29. 0-0-0 Bxg2 30. Rg1 Bf3 31. Rg6+ Ke5 32. Qg7+ Ke4 33. Qd4+ Kf5 34. Rf6+ Kg5 35. Qf4+ Kh5 36. Rh6# 1-0

[Event "Wch U08"]
[Site "Batumi"]
[Date "2022.09.27"]
[Round "11"]
[White "Marton John, Almos Kiran"]
[Black "Xu, Ryan1"]
[Result "0-1"]
[WhiteElo "1317"]
[BlackElo "1590"]
[PlyCount "73"]
[EventDate "2022.09.16"]
[EventType "swiss"]
[EventRounds "11"]
[EventCountry "GEO"]
[SourceTitle "EXT 2023"]
[Source "ChessBase"]
[SourceDate "2022.10.05"]
[SourceVersion "1"]
[SourceVersionDate "2022.10.05"]
[SourceQuality "1"]

1. e4 c5 2. Nf3 d6 3. d4 cxd4 4. Nxd4 Nf6 5. Nc3 a6 6. h3 e5 7. Nde2 Be7 8. Be3 Nbd7 9. g4 h6 10. Ng3 Nf8 11. Nf5 Bxf5 12. gxf5 g6 13. fxg6 Nxg6 14. Qd2 Nh4 15. Qe2 Qc7 16. 0-0-0 Rc8 17. f4 Ng6 18. fxe5 dxe5 19. Nd5 Nxd5 20. exd5 Bd6 21. h4 Ne7 22. Bh3 Rb8 23. Qf2 f5 24. Qe2 f4 25. Qh5+ Kd8 26. Bf2 Qa5 27. Rhe1 b5 28. Rxe5 Qxa2 29. Qg4 Qa1+ 30. Kd2 Qa5+ 31. c3 Qc7 32. Re2 b4 33. c4 h5 34. Qe6 f3 35. Re4 Rf8 36. Rde1 b3 37. Kd3 0-1

[Event "Wch U08"]
[Site "Batumi"]
[Date "2022.09.25"]
[Round "9"]
[White "Marton John, Almos Kiran"]
[Black "Kadyr, Aldiyar"]
[Result "1-0"]
[WhiteElo "1317"]
[BlackElo "1166"]
[PlyCount "31"]
[EventDate "2022.09.16"]
[EventType "swiss"]
[EventRounds "11"]
[EventCountry "GEO"]
[SourceTitle "EXT 2023"]
[Source "ChessBase"]
[SourceDate "2022.10.05"]
[SourceVersion "1"]
[SourceVersionDate "2022.10.05"]
[SourceQuality "1"]

1. e4 c5 2. Nf3 Nc6 3. d4 cxd4 4. Nxd4 g6 5. c4 Bg7 6. Be3 Nf6 7. Nc3 0-0 8. f3 d6 9. Qd2 Re8 10. 0-0-0 Bd7 11. Nc2 Rc8 12. g4 Ne5 13. Qf2 a6 14. Bb6 Rc7 15. g5 Nh5 16. Nd5 1-0

[Event "HUN-chT U18"]
[Site "Budapest"]
[Date "2021.10.25"]
[Round "3.35"]
[White "Morovan Szabo, Lorinc"]
[Black "Marton John, Almos Kiran"]
[Result "1-0"]
[WhiteElo "1158"]
[BlackElo "1133"]
[PlyCount "79"]
[EventDate "2021.10.24"]
[EventType "team-tourn"]
[EventRounds "7"]
[EventCountry "HUN"]
[SourceTitle "CBM 205 Extra"]
[Source "ChessBase"]
[SourceDate "2022.01.31"]
[SourceVersion "1"]
[SourceVersionDate "2022.01.31"]
[SourceQuality "1"]

1. e4 c5 2. Nf3 Nc6 3. d4 cxd4 4. Nxd4 g6 5. Nc3 Bg7 6. Be3 Nf6 7. Be2 0-0 8. 0-0 d6 9. f4 Bd7 10. Bf3 Qb6 11. Rb1 Qd8 12. Re1 Nxd4 13. Bxd4 Qc8 14. h3 Bc6 15. a3 b6 16. Na2 Bh6 17. Bxf6 exf6 18. Qd2 Qc7 19. Nb4 Bb7 20. Nd3 Rac8 21. Rbc1 Rfe8 22. Kf2 Re6 23. Bg4 f5 24. exf5 Rxe1 25. Kxe1 Re8+ 26. Kf2 gxf5 27. Bxf5 Qc6 28. Kg3 Kh8 29. Bg4 Rg8 30. Kh2 f5 31. Bf3 Qc7 32. Bxb7 Qxb7 33. Qc3+ Bg7 34. Qd2 Bd4 35. Qe2 Be3 36. Rb1 Re8 37. Qf1 Rg8 38. Re1 Bd2 39. Re2 Ba5 40. b4 1-0

[Event "EU-ch Hybrid U08"]
[Site "Tornelo INT"]
[Date "2021.10.15"]
[Round "7"]
[White "Katic, Mihael"]
[Black "Marton John, Almos Kiran"]
[Result "1-0"]
[WhiteElo "1399"]
[BlackElo "1133"]
[PlyCount "89"]
[EventDate "2021.10.15"]
[EventType "swiss"]
[EventRounds "9"]
[EventCountry "NET"]
[SourceTitle "EXT 2023"]
[Source "ChessBase"]
[SourceDate "2022.10.05"]
[SourceVersion "1"]
[SourceVersionDate "2022.10.05"]
[SourceQuality "1"]
[WhiteTeam "Croatia"]
[BlackTeam "Hungary"]
[WhiteTeamCountry "CRO"]
[BlackTeamCountry "HUN"]

1. e4 c5 2. Nf3 a6 3. Nc3 b5 4. a3 Bb7 5. b4 c4 6. d3 cxd3 7. Bxd3 g6 8. Bb2 Bg7 9. 0-0 d6 10. Re1 Nd7 11. Qe2 Rc8 12. Nd1 Ne5 13. Nxe5 dxe5 14. c4 bxc4 15. Bxc4 a5 16. Bb5+ Bc6 17. Bxc6+ Rxc6 18. Qb5 Qc7 19. Qxa5 Qxa5 20. bxa5 Rc5 21. Bc3 Nh6 22. Bb4 Rc7 23. Ne3 0-0 24. Nd5 Rc2 25. Nxe7+ Kh8 26. Nxg6+ hxg6 27. Bxf8 Bxf8 28. Rec1 Re2 29. Rc8 Kg7 30. a6 Bxa3 31. h3 Bb2 32. Ra2 Re1+ 33. Kh2 Bd4 34. a7 Bxa7 35. Rxa7 Rxe4 36. f3 Rf4 37. Re8 Kf6 38. Ra6+ Kf5 39. g4+ Kg5 40. Rxe5+ f5 41. gxf5 gxf5 42. Kg3 Nf7 43. Ree6 Rd4 44. f4+ Rxf4 45. Rg6+ 1-0

[Event "EU-ch Hybrid U08"]
[Site "Tornelo INT"]
[Date "2021.10.15"]
[Round "6"]
[White "Marton John, Almos Kiran"]
[Black "Zhao, George"]
[Result "0-1"]
[WhiteElo "1133"]
[BlackElo "1431"]
[PlyCount "61"]
[EventDate "2021.10.15"]
[EventType "swiss"]
[EventRounds "9"]
[EventCountry "NET"]
[SourceTitle "EXT 2023"]
[Source "ChessBase"]
[SourceDate "2022.10.05"]
[SourceVersion "1"]
[SourceVersionDate "2022.10.05"]
[SourceQuality "1"]
[WhiteTeam "Hungary"]
[BlackTeam "England"]
[WhiteTeamCountry "HUN"]
[BlackTeamCountry "ENG"]

1. e4 e6 2. d4 d5 3. exd5 exd5 4. Bd3 Bd6 5. Qf3 c6 6. Ne2 Nf6 7. h3 Nbd7 8. Bg5 b6 9. 0-0 0-0 10. Ng3 h6 11. Bf4 Bxf4 12. Qxf4 c5 13. c3 c4 14. Bc2 b5 15. b3 Nb6 16. Nf5 Bxf5 17. Bxf5 Re8 18. Nd2 Re2 19. Rfe1 g5 20. Qg3 Rxd2 21. h4 Qb8 22. Qe3 Qf4 23. Qh3 Qxf2+ 24. Kh1 Qxh4 25. Kg1 Qxh3 26. gxh3 Re8 27. Rxe8+ Nxe8 28. Re1 Kf8 29. bxc4 Nxc4 30. Bd7 Ned6 31. Ra1 0-1

[Event "EU-ch Hybrid U08"]
[Site "Tornelo INT"]
[Date "2021.10.15"]
[Round "5"]
[White "Mihali Viorescu, Andrei"]
[Black "Marton John, Almos Kiran"]
[Result "0-1"]
[WhiteElo "1002"]
[BlackElo "1133"]
[PlyCount "80"]
[EventDate "2021.10.15"]
[EventType "swiss"]
[EventRounds "9"]
[EventCountry "NET"]
[SourceTitle "EXT 2023"]
[Source "ChessBase"]
[SourceDate "2022.10.05"]
[SourceVersion "1"]
[SourceVersionDate "2022.10.05"]
[SourceQuality "1"]
[WhiteTeam "Romania"]
[BlackTeam "Hungary"]
[WhiteTeamCountry "ROU"]
[BlackTeamCountry "HUN"]

1. d4 d5 2. Bf4 c5 3. e3 Nc6 4. c3 Qb6 5. Na3 c4 6. b3 Qa5 7. Qc1 b5 8. b4 Qa6 9. Nf3 h6 10. Ne5 Bf5 11. Nxc6 Qxc6 12. Qd1 Nf6 13. Be2 e6 14. Nb1 Be7 15. a4 a6 16. Nd2 0-0 17. Nf3 Ne4 18. Ne5 Qb7 19. Rc1 a5 20. g4 Bh7 21. f3 Bh4+ 22. Kf1 Nf2 23. Qd2 Nxh1 24. Kg2 f6 25. Nxc4 bxc4 26. Rxh1 axb4 27. cxb4 Rxa4 28. Bd6 Rc8 29. Qc3 Rca8 30. Kh3 Ra3 31. Qb2 Ra2 32. Qc3 Rc2 33. Qxc2 Bxc2 34. Kxh4 Bg6 35. e4 dxe4 36. fxe4 Qxe4 37. Re1 Bf5 38. Kg3 Qe3+ 39. Kh4 g5+ 40. Kh5 Qh3# 0-1